Análisis de las discrepancias en las coordenadas geocéntricas en una red de estaciones GNSS de operación continua en Costa Rica, considerando un procesamiento PPP en línea con diferentes intervalos de tiempo respecto a las soluciones finales SIRGAS
Bewaard in:
| Hoofdauteur: | |
|---|---|
| Andere auteurs: | |
| Formaat: | Boek |
| Taal: | Spanish |
| Gepubliceerd in: |
[San, José], Costa Rica
2021.
|
| Tags: |
Voeg label toe
Geen labels, Wees de eerste die dit record labelt!
|
MARC
| LEADER | 00000nam a2200000Ia 4500 | ||
|---|---|---|---|
| 003 | 013266 | ||
| 005 | 20230111101317.0 | ||
| 008 | 140114s2021 cr a 000 ||spa d | ||
| 040 | |c cru CEDI | ||
| 100 | |a Murillo Méndez, Arianna, 1994- |9 468 | ||
| 245 | |a Análisis de las discrepancias en las coordenadas geocéntricas en una red de estaciones GNSS de operación continua en Costa Rica, considerando un procesamiento PPP en línea con diferentes intervalos de tiempo respecto a las soluciones finales SIRGAS | ||
| 260 | |a [San, José], Costa Rica |c 2021. | ||
| 500 | |a Proyecto de graduación (licenciatura en ingeniería topográfica)--Universidad de Costa Rica. Facultad de Ingeniería. Escuela de Ingeniería Topográfica | ||
| 501 | |a Director de Proyecto de Graduación: Dr. Mauricio Varela Sánchez | ||
| 700 | |9 358 |a Varela Sánchez, Mauricio, 1983- |d Director del TFG | ||
| 942 | |c TFG | ||
| 999 | |c 22112 |d 22112 | ||
